LEADER 03825oam 2200769I 450 001 9910781287803321 005 20230814231836.0 010 $a0-429-91234-X 010 $a0-429-89811-8 010 $a0-429-47334-6 010 $a1-283-06842-7 010 $a9786613068422 010 $a1-84940-240-X 024 7 $a10.4324/9780429473340 035 $a(CKB)2550000000033522 035 $a(EBL)690151 035 $a(OCoLC)723944547 035 $a(SSID)ssj0000521752 035 $a(PQKBManifestationID)11306811 035 $a(PQKBTitleCode)TC0000521752 035 $a(PQKBWorkID)10527553 035 $a(PQKB)11139466 035 $a(MiAaPQ)EBC690151 035 $a(Au-PeEL)EBL690151 035 $a(CaPaEBR)ebr10463841 035 $a(CaONFJC)MIL306842 035 $a(OCoLC)1029247396 035 $a(OCoLC)34990145 035 $a(FINmELB)ELB140193 035 $a(EXLCZ)992550000000033522 100 $a20180706d2018 uy 0 101 0 $aeng 135 $aur|n|---||||| 181 $ctxt 182 $cc 183 $acr 200 00$aCountertransference in psychoanalytic psychotherapy with children and adolescents /$fedited by John Tsiantis, senior editor ; Anne-Marie Sandler, Dimitris Anastasopoulos, Brian Martindale 205 $aFirst edition. 210 1$aLondon :$cRoutledge,$d2018. 215 $a1 online resource (201 p.) 225 1 $aEFPP clinical monograph series 300 $a"Published ... for the European Federation for Psychoanalytic Psychotherapy in the Public Health Services." 311 $a0-367-10480-6 311 $a1-85575-111-9 320 $aIncludes bibliographical references (p. 155-164) and index. 327 $aCOVER; ACKNOWLEDGEMENTS; ABOUT THE AUTHORS; CONTENTS; FOREWORD TO THE SERlES; INTRODUCTION; CHAPTER ONE Countertransference issues in psychoanalytic psychotherapy with children and adolescents: a brief review; CHAPTER TWO Thoughts on countertransference and observation; CHAPTER THREE Reflections on transference, countertransference, session frequency, and the psychoanalyhc process; CHAPTER FOUR Some problems in transference and countertransference in child and adolescent analysis 327 $aCHAPTER FIVE The transference mirage and the pitfalls of countertransference (with special emphasis on adolescence)CHAPTER SIX The influence of the presence of parents on the countertransference of the child psychotherapist; CHAPTER SEVEN Different uses of the countertransference with neurotic, borderline, and psychotic patients; CHAPTER EIGHT Bisexual aspects of the countertransference in the therapy of psychotic children; CHAPTER NINE Transference and countertransference issues in the in-patient psychotherapy of traumatized children and adolescents; REFERENCES; INDEX 330 $a"This collection of papers from psychoanalysts across Europe is intended to highlight the similarites and differences between approaches to working with children and adolescents. Part of the EFPP Monograph Series."--Provided by publisher. 410 0$aEFPP clinical monograph series. 606 $aCountertransference (Psychology) 606 $aChild psychotherapy 606 $aAdolescent psychotherapy 615 0$aCountertransference (Psychology) 615 0$aChild psychotherapy. 615 0$aAdolescent psychotherapy. 676 $a618.92/8917 702 $aAnastasopoulos$b Dimitris 702 $aMartindale$b Brian 702 $aSandler$b Anne-Marie 702 $aTsiantis$b John 712 02$aEuropean Federation for Psychoanalytic Psychotherapy in the Public Health Services. 801 0$bFlBoTFG 801 1$bFlBoTFG 906 $aBOOK 912 $a9910781287803321 996 $aCountertransference in psychoanalytic psychotherapy with children and adolescents$93768562 997 $aUNINA LEADER 04144nam 2200553 a 450 001 9910966672103321 005 20240313173335.0 010 0 $a9781118257197 010 0 $a1118257197 035 $a(MiAaPQ)EBC7103467 035 $a(CKB)24989707500041 035 $a(MiAaPQ)EBC1143522 035 $a(Au-PeEL)EBL1143522 035 $a(CaPaEBR)ebr10671535 035 $a(CaONFJC)MIL462637 035 $a(OCoLC)830161852 035 $a(Perlego)1011533 035 $a(EXLCZ)9924989707500041 100 $a20110708d2012 uy 0 101 0 $aeng 135 $aur||||||||||| 181 $ctxt$2rdacontent 182 $cc$2rdamedia 183 $acr$2rdacarrier 200 14$aThe Aztecs /$fMichael E. Smith 205 $a3rd ed. 210 $aMalden, Mass. $cWiley-Blackwell$d2012 215 $axvii, 396 p. $cill. maps 225 1 $aPeoples of America 320 $aIncludes bibliographical references and index. 327 $aThe Aztecs -- Contents -- List of Figures -- List of Tables -- Preface -- Guide to Pronunciation and Spelling -- 1 The Aztecs of Mesoamerica -- Who Were the Aztecs? -- Mesoamerican Context -- The Aztec Environment -- Sources of Information -- Ethnohistory -- Archaeology -- Art History -- Aztec Studies Today -- 2 The Rise of Aztec Civilization -- Timetables -- Pre-Aztec Civilizations -- The Aztlan Migrations -- Toltecs, Chichimecs, and Aztec Identity -- The Growth of City-States: The Early Aztec Period -- Tenochtitlan and Empire: The Late Aztec Period -- 3 People on the Landscape -- How Many Aztecs? -- The Aztec Diet -- Farming Systems -- Rural Settlement -- The Rural Landscape -- 4 Artisans and their Wares -- Utilitarian Crafts -- Luxury Crafts -- Otumba: An Aztec Craft Center -- 5 The Commercial Economy -- Marketplaces -- Money -- Material Evidence for Aztec Commerce -- A Complex Economy -- 6 Family and Social Class -- Growing up Aztec -- Adult Life and Social Roles -- Social Classes -- Commoners -- Nobles and their Palaces -- 7 City-State and Empire -- City-States -- Relations Among City-States -- The Empire of the Triple Alliance -- Imperial Strategies and Control -- Mexica Propaganda and the Limits of Empire -- 8 Cities and Urban Planning -- City-State Capitals -- Provincial Cities and Towns -- Tenochtitlan -- 9 Creation, Death, and the Gods -- Myths of Creation -- Aztec Religion: Historical Background -- The Gods -- Death, Burial, and the Afterlife -- 10 Temples and Ceremonies -- Priests -- Human Blood Offerings -- The Templo Mayor -- Public Ceremonies -- Private Rituals -- 11 Science, Writing, and Calendars -- Writing -- Calendars and Astronomy -- Technology -- Medicine -- 12 Art, Music, and Literature -- Art -- Literature and Poetry -- Music and Dance -- 13 Final Glory, Conquest, and Legacy -- The Final Century: 1428-1519. 327 $aConquest by Spain -- The Nahuas under Spanish Rule -- Continuity and Change -- The Aztec Legacy: Modern Nahua Indian Culture -- The Aztec Past and the Mexican Present -- A Wider Perspective -- Notes -- Glossary of Nahuatl Terms -- References -- Index. 330 $aThe Aztecs brings to life one of the best-known indigenous civilizations of the Americas in a vivid, comprehensive account of the ancient Aztecs. A thorough examination of Aztec origins and civilization including religion, science, and thought Incorporates the latest archaeological excavations and research into explanations of the Spanish conquest and the continuity of Aztec culture in Central Mexico Expanded coverage includes key topics such as writing, music, royal tombs, and Aztec predictions of the end of the world. 410 0$aPeoples of America. 606 $aAztecs$xHistory 606 $aAztecs$xAntiquities 606 $aAztecs$xSocial life and customs 607 $aMexico$xAntiquities 615 0$aAztecs$xHistory. 615 0$aAztecs$xAntiquities. 615 0$aAztecs$xSocial life and customs. 676 $a972 700 $aSmith$b Michael Ernest$f1953-$01813036 801 0$bMiAaPQ 801 1$bMiAaPQ 801 2$bMiAaPQ 912 $a9910966672103321 996 $aThe Aztecs$94365787 997 $aUNINA